000 003070000a22001450004500
003 MACL
040 _aMACL
090 _c33673
_d33671
100 _aFox, Dan
245 _aPure Visual Basic
260 _bBP B Publications
_c1999
350 _a135
650 _aComputer probraming
942 _cBOOK
_k005/fox
999 _c33322
_d33322